[Event "Urumia op 2nd"]
[Site "Urumia"]
[Date "2008.08.27"]
[Round "2"]
[White "Ghoch Khani, Hossein"]
[Black "Asgarov, Mushfig Nizami"]
[Result "0-1"]
[WhiteElo "1599"]
[BlackElo "2195"]
[PlyCount "74"]
[EventDate "2008.08.26"]
[EventType "swiss"]
[EventRounds "10"]
[EventCountry "IRI"]
[SourceTitle "CBM 126 Extra"]
[Source "ChessBase"]
[SourceDate "2008.11.05"]
[SourceVersion "1"]
[SourceVersionDate "2008.11.05"]
[SourceQuality "1"]

1. e4 c5 2. Nf3 d6 3. d4 cxd4 4. Nxd4 Nf6 5. Nc3 a6 6. Be3 Ng4 7. Qd2 Nxe3 8. Qxe3 g6 9. Be2 Bg7 10. Nb3 0-0 11. 0-0 Nd7 12. Kh1 b5 13. f4 Bb7 14. a3 Rc8 15. Nd4 Qb6 16. Rad1 e5 17. fxe5 dxe5 18. Nf5 gxf5 19. Qh3 Nc5 20. Qxf5 Qg6 21. Qh3 Nxe4 22. Bh5 Qh6 23. Rd7 Nf6 24. Rxb7 Qxh5 25. Qg3 Qg6 26. Qxe5 Ng4 27. Qg3 Be5 28. Qh4 Ne3 29. Rg1 Nf5 30. Qh3 Bxc3 31. bxc3 Rc4 32. Rf1 Re8 33. Qd3 Ne3 34. Qxg6+ fxg6 35. Rff7 Nf5 36. h3 Rxc3 37. g4 Rxc2 0-1